UM Logo

Study guide to accompany introduction to child development / (Record no. 6488)

MARC details
000 -LEADER
fixed length control field 00693nam a2200193 4500
008 - FIXED-LENGTH DATA ELEMENTS--GENERAL INFORMATION
fixed length control field 170329b xxu||||| |||| 00| 0 eng d
020 ## - INTERNATIONAL STANDARD BOOK NUMBER
International Standard Book Number 0-314-20115-7
082 ## - DEWEY DECIMAL CLASSIFICATION NUMBER
Edition number 1996
Classification number DC 155.4
Item number D97
100 ## - MAIN ENTRY--PERSONAL NAME
9 (RLIN) 19624
Personal name Dworetzky, John.
245 ## - TITLE STATEMENT
Title Study guide to accompany introduction to child development /
Statement of responsibility, etc. John P. Dworetzky..
250 ## - EDITION STATEMENT
Edition statement Sixth Edition.
260 ## - PUBLICATION, DISTRIBUTION, ETC. (IMPRINT)
Place of publication, distribution, etc. St. Paul/Minneapolis, MN :
Name of publisher, distributor, etc. West Pub.,
Date of publication, distribution, etc. c1996.
300 ## - PHYSICAL DESCRIPTION
Extent iii, 322 pages :
Other physical details illustrations (some col.) ;
Dimensions 25 cm.
500 ## - GENERAL NOTE
General note Includes bibliographical references and indexes.
650 #0 - SUBJECT ADDED ENTRY--TOPICAL TERM
9 (RLIN) 19625
Topical term or geographic name as entry element Child development.
650 #0 - SUBJECT ADDED ENTRY--TOPICAL TERM
9 (RLIN) 19626
Topical term or geographic name as entry element Child psychology.
650 #0 - SUBJECT ADDED ENTRY--TOPICAL TERM
9 (RLIN) 19627
Topical term or geographic name as entry element Psychology, Child.
942 ## - ADDED ENTRY ELEMENTS (KOHA)
Source of classification or shelving scheme Dewey Decimal Classification
Koha item type Circulation
Holdings
Withdrawn status Lost status Source of classification or shelving scheme Damaged status Not for loan Collection code Home library Current library Date acquired Source of acquisition Total Checkouts Full call number Barcode Date last seen Copy number Price effective from Koha item type
    Dewey Decimal Classification     Circulation UM Digos College - LIC UM Digos College - LIC 08/27/2003 Purchased   DC 155.4 D97 1996 15631 05/15/2025 2 03/29/2017 Circulation
    Dewey Decimal Classification     Circulation UM Digos College - LIC UM Digos College - LIC 08/27/2003 Purchased   DC 155.4 D97 1996 15630 05/15/2025 1 03/29/2017 Circulation